Hodnotenie finančného hospodárenia podnikateľského subjektu bakalárska práca

Saved in:
Bibliographic Details
Main Author: Lipcseyová, Silvia
Corporate Author: Národohospodárska fakulta EU. Katedra financií
Other Authors: Alexy, Martin, 1976-
Format: Book
Language:Slovak
Published: Bratislava 2019
Tags: Add Tag
No Tags, Be the first to tag this record!

MARC

LEADER 00000nbm a2200000 4500
001 0256571
005 20191030125339.2
041 0 |a slo 
044 |a SK 
245 1 0 |a Hodnotenie finančného hospodárenia podnikateľského subjektu  |b bakalárska práca  |c Silvia Lipcseyová ; školiteľ: Martin Alexy 
264 1 |a Bratislava  |c 2019 
300 |a 62 s. 
100 1 |a Lipcseyová, Silvia 
700 1 |a Alexy, Martin, 1976- 
710 2 |a Národohospodárska fakulta EU. Katedra financií